[Event "Hessen-chA"]
[Site "Frankfurt"]
[Date "2019.06.02"]
[Round "7"]
[White "Muth, Andreas"]
[Black "Goutham, Joshi"]
[Result "1/2-1/2"]
[WhiteElo "2030"]
[BlackElo "1839"]
[PlyCount "83"]
[EventDate "2019.05.30"]
[EventType "swiss"]
[EventRounds "7"]
[EventCountry "GER"]
[SourceTitle "EXT 2020"]
[Source "ChessBase"]
[SourceDate "2019.10.17"]
[SourceVersion "1"]
[SourceVersionDate "2019.10.17"]
[SourceQuality "1"]

1. c4 e5 2. e3 Nf6 3. Nc3 d5 4. cxd5 Nxd5 5. Nf3 Nc6 6. Bb5 Nxc3 7. bxc3 Bd6 8. 0-0 0-0 9. Qc2 f5 10. d3 Kh8 11. e4 f4 12. Bxc6 bxc6 13. d4 Bg4 14. Qd3 Qe8 15. Re1 Rd8 16. Bd2 Qh5 17. Rad1 c5 18. dxe5 Bxe5 19. Qe2 Rf6 20. Bxf4 Rdf8 21. Bxe5 Bxf3 22. gxf3 Qxe5 23. Rd5 Qf4 24. Qe3 Qh4 25. Rf5 Rxf5 26. exf5 h6 27. Qxc5 Qg5+ 28. Kh1 Rxf5 29. Qxa7 Qf4 30. Re3 Rh5 31. Qa8+ Kh7 32. Qe4+ Rf5 33. a4 Qxe4 34. fxe4 Rxf2 35. e5 Kg8 36. e6 Kf8 37. Re4 Ke7 38. Kg1 Ra2 39. Rc4 Kd6 40. Re4 Ke7 41. Rc4 Kd6 42. Re4 1/2-1/2

[Event "Hessen-chA"]
[Site "Frankfurt"]
[Date "2019.06.01"]
[Round "6"]
[White "Krychevskiy, Dmytro"]
[Black "Muth, Andreas"]
[Result "1/2-1/2"]
[WhiteElo "1927"]
[BlackElo "2030"]
[PlyCount "37"]
[EventDate "2019.05.30"]
[EventType "swiss"]
[EventRounds "7"]
[EventCountry "GER"]
[SourceTitle "EXT 2020"]
[Source "ChessBase"]
[SourceDate "2019.10.17"]
[SourceVersion "1"]
[SourceVersionDate "2019.10.17"]
[SourceQuality "1"]

1. e4 c5 2. Nf3 a6 3. d4 cxd4 4. Nxd4 Nf6 5. f3 e5 6. Ne2 d5 7. exd5 Nxd5 8. a3 Nc6 9. Nbc3 Be6 10. Nxd5 Bxd5 11. Nc3 Be6 12. Qxd8+ Rxd8 13. Be3 Be7 14. Bb6 Rc8 15. Bd3 0-0 16. 0-0 Nb8 17. Rfe1 Nd7 18. Bf2 Rfe8 19. Be3 1/2-1/2

[Event "Hessen-chA"]
[Site "Frankfurt"]
[Date "2019.05.30"]
[Round "1"]
[White "Varma, Christopher"]
[Black "Muth, Andreas"]
[Result "1/2-1/2"]
[WhiteElo "1842"]
[BlackElo "2030"]
[PlyCount "118"]
[EventDate "2019.05.30"]
[EventType "swiss"]
[EventRounds "7"]
[EventCountry "GER"]
[SourceTitle "EXT 2020"]
[Source "ChessBase"]
[SourceDate "2019.10.17"]
[SourceVersion "1"]
[SourceVersionDate "2019.10.17"]
[SourceQuality "1"]

1. e4 c5 2. Nc3 e6 3. g3 Nc6 4. Bg2 g6 5. d3 Bg7 6. Be3 d6 7. Qd2 Nge7 8. Bh6 0-0 9. h4 Bxh6 10. Qxh6 f6 11. 0-0-0 e5 12. Qd2 Be6 13. h5 g5 14. h6 Qa5 15. Kb1 b5 16. f4 Bg4 17. Bf3 Bxf3 18. Nxf3 Nd4 19. Qe3 b4 20. Ne2 Ng6 21. fxg5 Nxf3 22. Qxf3 fxg5 23. Qg4 Qd8 24. Rh5 Rf6 25. Rxg5 Qe7 26. Rf5 Raf8 27. Rdf1 R8f7 28. c3 a5 29. Qf3 Rxf5 30. exf5 Nf8 31. g4 Qg5 32. Rh1 Rf6 33. Qh3 d5 34. Qh4 Qxh4 35. Rxh4 e4 36. dxe4 dxe4 37. Kc2 Nd7 38. Ng3 e3 39. g5 Rd6 40. Re4 Rd2+ 41. Kc1 Rd3 42. cxb4 cxb4 43. Nf1 Kf7 44. Rxe3 Rd5 45. Ng3 Nc5 46. Kc2 Nd7 47. Rd3 Rc5+ 48. Kd1 Ne5 49. Rd6 Rc7 50. Ne4 Rc4 51. Rf6+ Kg8 52. Nd6 Rd4+ 53. Ke2 Nd7 54. Re6 Nf8 55. Rf6 Nd7 56. Ke3 Rd1 57. Ke2 Rd4 58. Re6 Nf8 59. Rf6 Nd7 1/2-1/2

[Event "Hessen-chA"]
[Site "Frankfurt"]
[Date "2018.05.12"]
[Round "5"]
[White "Muth, Andreas"]
[Black "Bakiev, Diyor"]
[Result "1/2-1/2"]
[WhiteElo "2042"]
[BlackElo "1752"]
[PlyCount "47"]
[EventDate "2018.05.10"]
[EventType "swiss"]
[EventRounds "7"]
[EventCountry "GER"]
[SourceTitle "EXT 2019"]
[Source "ChessBase"]
[SourceDate "2018.10.10"]
[SourceVersion "1"]
[SourceVersionDate "2018.10.10"]
[SourceQuality "1"]

1. d4 Nf6 2. Nf3 d5 3. c4 e6 4. g3 c5 5. cxd5 exd5 6. Nc3 Nc6 7. Bg2 cxd4 8. Nxd4 Bb4 9. 0-0 Bxc3 10. bxc3 0-0 11. Bg5 Be6 12. Rb1 Nxd4 13. Qxd4 b6 14. Rfd1 Rc8 15. Rbc1 Rc4 16. Bxf6 Rxd4 17. Bxd8 Rxd1+ 18. Rxd1 Rxd8 19. e4 d4 20. cxd4 Bxa2 21. Ra1 Bc4 22. Rxa7 f5 23. e5 Rxd4 24. f4 1/2-1/2

[Event "Hessen-ch op-A"]
[Site "Floersheim"]
[Date "2016.05.08"]
[Round "7"]
[White "Walter, Stefan2222"]
[Black "Muth, Andreas"]
[Result "1/2-1/2"]
[WhiteElo "1928"]
[BlackElo "2070"]
[PlyCount "97"]
[EventDate "2016.05.05"]
[EventType "swiss"]
[EventRounds "7"]
[EventCountry "GER"]
[SourceTitle "EXT 2022"]
[Source "ChessBase"]
[SourceDate "2021.10.06"]
[SourceVersion "1"]
[SourceVersionDate "2021.10.06"]
[SourceQuality "1"]

1. d4 Nf6 2. c4 g6 3. Nc3 Bg7 4. e4 d6 5. Be2 0-0 6. Bg5 c5 7. d5 a6 8. Qd2 Re8 9. Rd1 Nbd7 10. Nf3 Rb8 11. a4 Nf8 12. h3 Qc7 13. 0-0 N8d7 14. Rfe1 e6 15. dxe6 Rxe6 16. Bf4 Ne8 17. Nd5 Qd8 18. Ng5 Re5 19. Bxe5 Nxe5 20. f4 Nc6 21. Nf3 h6 22. b3 Be6 23. Kh1 Kh7 24. Bf1 Nd4 25. Nxd4 Bxd4 26. Bd3 Ng7 27. f5 Bxd5 28. fxg6+ fxg6 29. exd5 Qh4 30. Re4 Qh5 31. Qe2 Qxe2 32. Rxe2 Be5 33. Rf1 Nh5 34. Rxe5 dxe5 35. Rf7+ Kg8 36. Re7 Nf4 37. Be4 Ne2 38. Kh2 Nd4 39. Bxg6 Nxb3 40. Rxe5 Nd2 41. Bd3 Rf8 42. Re6 Rf4 43. Rxh6 Rd4 44. Bf5 Nxc4 45. Be6+ Kg7 46. Rh5 Nd6 47. Rg5+ Kf6 48. Rg4 Ne4 49. Rf4+ 1/2-1/2

[Event "Hessen-ch op-A"]
[Site "Floersheim"]
[Date "2016.05.05"]
[Round "1"]
[White "Krastev, Alexander"]
[Black "Muth, Andreas"]
[Result "0-1"]
[WhiteElo "1931"]
[BlackElo "2070"]
[PlyCount "50"]
[EventDate "2016.05.05"]
[EventType "swiss"]
[EventRounds "7"]
[EventCountry "GER"]
[SourceTitle "EXT 2022"]
[Source "ChessBase"]
[SourceDate "2021.10.06"]
[SourceVersion "1"]
[SourceVersionDate "2021.10.06"]
[SourceQuality "1"]

1. e4 c5 2. Nc3 Nc6 3. Nf3 Nf6 4. d4 cxd4 5. Nxd4 e5 6. Nde2 Bc5 7. Be3 Bxe3 8. fxe3 0-0 9. Qd2 Ng4 10. Nd5 f5 11. Nec3 d6 12. 0-0-0 fxe4 13. Nxe4 Bf5 14. Bc4 Kh8 15. Ndc3 Na5 16. Nxd6 Qc7 17. Ncb5 Qb6 18. Qd5 Nxc4 19. Nxc4 Qh6 20. Rhe1 Be6 21. Qc5 Bxc4 22. Rd6 Qg5 23. Nc7 Rac8 24. h3 b6 25. Qb4 Nxe3 0-1

[Event "Hessen-ch op-A"]
[Site "Floersheim"]
[Date "2016.05.05"]
[Round "2"]
[White "Muth, Andreas"]
[Black "Medvedovski, Michael"]
[Result "1/2-1/2"]
[WhiteElo "2070"]
[BlackElo "1991"]
[PlyCount "58"]
[EventDate "2016.05.05"]
[EventType "swiss"]
[EventRounds "7"]
[EventCountry "GER"]
[SourceTitle "EXT 2022"]
[Source "ChessBase"]
[SourceDate "2021.10.06"]
[SourceVersion "1"]
[SourceVersionDate "2021.10.06"]
[SourceQuality "1"]

1. Nf3 d5 2. d4 c5 3. c4 e6 4. cxd5 exd5 5. Nc3 Nc6 6. Bg5 Be7 7. Bxe7 Ngxe7 8. dxc5 d4 9. Ne4 0-0 10. g3 Qd5 11. Ned2 Qxc5 12. Bg2 Be6 13. 0-0 Rad8 14. Nb3 Qb6 15. Rc1 Rfe8 16. Nfd2 Bd5 17. Nc4 Qa6 18. Bxd5 Nxd5 19. a3 b5 20. Nc5 Qc8 21. Nd2 Qg4 22. e4 Qxd1 23. Rfxd1 Nb6 24. Nb7 Rd7 25. Rxc6 Rxb7 26. Rd6 Rc7 27. Rxd4 Rc2 28. b3 g6 29. f4 Ra2 1/2-1/2

[Event "Hessen-ch op-A"]
[Site "Frankfurt Sossenheim"]
[Date "2015.??.??"]
[Round "4"]
[White "Muth, Andreas"]
[Black "Halbig, Christopher"]
[Result "1-0"]
[WhiteElo "2082"]
[BlackElo "1791"]
[PlyCount "95"]
[EventDate "2015.05.13"]
[EventType "swiss"]
[EventRounds "7"]
[EventCountry "GER"]
[SourceTitle "EXT 2016"]
[Source "ChessBase"]
[SourceDate "2015.10.08"]
[SourceVersion "1"]
[SourceVersionDate "2015.10.08"]
[SourceQuality "1"]

1. d4 f5 2. c4 e6 3. Nf3 Nf6 4. e3 Be7 5. Bd3 0-0 6. 0-0 d5 7. b3 c6 8. Ba3 Bxa3 9. Nxa3 Qe7 10. Nb1 Ne4 11. Qc2 Nd7 12. Nc3 b6 13. Rac1 Bb7 14. Qe2 c5 15. Nd2 Rac8 16. f3 Nd6 17. Rfe1 g6 18. Na4 Qg7 19. dxc5 bxc5 20. cxd5 exd5 21. Ba6 Rc6 22. Bb5 Nxb5 23. Qxb5 Ba8 24. Nxc5 Rfc8 25. b4 Qe7 26. Ndb3 Ne5 27. Qe2 Nc4 28. Nd4 Rb6 29. Nd3 Re8 30. Nc2 Re6 31. Nc5 Rb6 32. Qd3 Rbb8 33. a3 a5 34. Qd4 Rec8 35. e4 axb4 36. axb4 fxe4 37. fxe4 Qg5 38. Ne6 Qe5 39. exd5 Qxd4+ 40. Nexd4 Bxd5 41. Re7 Na3 42. Ra7 Rxb4 43. Nxb4 Rxc1+ 44. Kf2 Rc4 45. Nxd5 Rxd4 46. Nf6+ Kf8 47. Rxa3 Rf4+ 48. Rf3 1-0

[Event "Hessen-ch op-A"]
[Site "Frankfurt Sossenheim"]
[Date "2015.??.??"]
[Round "2"]
[White "Muth, Andreas"]
[Black "Rolf, Marco"]
[Result "1/2-1/2"]
[WhiteElo "2082"]
[BlackElo "1969"]
[PlyCount "61"]
[EventDate "2015.05.13"]
[EventType "swiss"]
[EventRounds "7"]
[EventCountry "GER"]
[SourceTitle "EXT 2016"]
[Source "ChessBase"]
[SourceDate "2015.10.08"]
[SourceVersion "1"]
[SourceVersionDate "2015.10.08"]
[SourceQuality "1"]

1. Nf3 d5 2. c4 e6 3. d4 Nf6 4. g3 Be7 5. Bg2 0-0 6. 0-0 c6 7. Qc2 Nbd7 8. b3 b6 9. Bb2 Bb7 10. Nbd2 Rc8 11. e4 dxe4 12. Nxe4 c5 13. Nxf6+ Nxf6 14. Rad1 Qc7 15. Rfe1 Rfd8 16. Qe2 cxd4 17. Rxd4 Rxd4 18. Bxd4 Rd8 19. Qb2 Qd6 20. Bc3 b5 21. cxb5 Qd3 22. Nd4 Bxg2 23. Kxg2 Bc5 24. Nc6 Rd5 25. a4 Ng4 26. Ne5 Nxe5 27. Rxe5 Rxe5 28. Bxe5 Qd5+ 29. Kg1 Qd1+ 30. Kg2 Qd5+ 31. Kg1 1/2-1/2

[Event "Hessen-chA"]
[Site "Korbach"]
[Date "2013.03.27"]
[Round "1"]
[White "Kuhn, Gerhard"]
[Black "Muth, Andreas"]
[Result "1-0"]
[WhiteElo "2037"]
[BlackElo "2081"]
[PlyCount "49"]
[EventDate "2013.03.27"]
[EventType "swiss"]
[EventRounds "7"]
[EventCountry "GER"]
[SourceTitle "EXT 2014"]
[Source "ChessBase"]
[SourceDate "2013.11.20"]
[SourceVersion "1"]
[SourceVersionDate "2013.11.20"]
[SourceQuality "1"]

1. e4 c5 2. c3 Nf6 3. e5 Nd5 4. d4 cxd4 5. Nf3 Nc6 6. cxd4 d6 7. Bc4 Nb6 8. Bb3 e6 9. 0-0 Be7 10. Nc3 0-0 11. Qe2 d5 12. Bf4 a6 13. Rac1 Bd7 14. Bc2 Nb4 15. Bb1 Na4 16. Rfd1 Rc8 17. Nxa4 Bxa4 18. Rxc8 Qxc8 19. Rc1 Qd7 20. a3 Nc6 21. b3 Bb5 22. Qc2 g6 23. a4 Nb4 24. Qc7 Bd8 25. Qc3 1-0

[Event "Hessen-chA"]
[Site "Offenbach"]
[Date "2012.04.07"]
[Round "7"]
[White "Ritscher, Georg"]
[Black "Muth, Andreas"]
[Result "1/2-1/2"]
[WhiteElo "1990"]
[BlackElo "2104"]
[PlyCount "56"]
[EventDate "2012.04.05"]
[EventType "swiss"]
[EventRounds "7"]
[EventCountry "GER"]
[SourceTitle "EXT 2013"]
[Source "ChessBase"]
[SourceDate "2012.11.22"]
[SourceVersion "1"]
[SourceVersionDate "2012.11.22"]
[SourceQuality "1"]

1. e4 c5 2. Nf3 a6 3. d4 cxd4 4. Nxd4 Nf6 5. Nc3 e5 6. Nb3 Bb4 7. f3 d5 8. exd5 Nxd5 9. Bd2 Nxc3 10. bxc3 Be7 11. Bd3 0-0 12. 0-0 Nc6 13. Qe2 Be6 14. Rad1 Qc7 15. Kh1 Rac8 16. f4 f6 17. Qh5 f5 18. fxe5 g6 19. Qe2 Nxe5 20. Bf4 Bd6 21. Rfe1 Bxb3 22. cxb3 Nxd3 23. Bxd6 Qxd6 24. Rxd3 Qc6 25. Qe6+ Qxe6 26. Rxe6 Rfe8 27. Rxe8+ Rxe8 28. Kg1 Re7 1/2-1/2

[Event "Hessen-chA"]
[Site "Offenbach"]
[Date "2012.04.06"]
[Round "6"]
[White "Foerster, Rudi"]
[Black "Muth, Andreas"]
[Result "0-1"]
[WhiteElo "1915"]
[BlackElo "2104"]
[PlyCount "20"]
[EventDate "2012.04.05"]
[EventType "swiss"]
[EventRounds "7"]
[EventCountry "GER"]
[SourceTitle "EXT 2013"]
[Source "ChessBase"]
[SourceDate "2012.11.22"]
[SourceVersion "1"]
[SourceVersionDate "2012.11.22"]
[SourceQuality "1"]

1. e4 c5 2. c3 d5 3. exd5 Qxd5 4. d4 Nf6 5. Nf3 a6 6. Be3 cxd4 7. c4 Qa5+ 8. Bd2 Qb6 9. Qa4+ Bd7 10. Ba5 Qe6+ 0-1

[Event "Hessen-chA"]
[Site "Offenbach"]
[Date "2012.04.06"]
[Round "5"]
[White "Muth, Andreas"]
[Black "Achelrod, Alexandre"]
[Result "0-1"]
[WhiteElo "2104"]
[BlackElo "1846"]
[PlyCount "84"]
[EventDate "2012.04.05"]
[EventType "swiss"]
[EventRounds "7"]
[EventCountry "GER"]
[SourceTitle "EXT 2013"]
[Source "ChessBase"]
[SourceDate "2012.11.22"]
[SourceVersion "1"]
[SourceVersionDate "2012.11.22"]
[SourceQuality "1"]

1. Nf3 d5 2. c4 d4 3. b4 b6 4. Bb2 c5 5. bxc5 bxc5 6. e3 Nc6 7. exd4 cxd4 8. d3 e6 9. a3 Rb8 10. Qc2 Qb6 11. Bc1 Bd6 12. Nbd2 Nf6 13. Be2 0-0 14. 0-0 e5 15. Rb1 Qc7 16. Nb3 Nd7 17. Re1 a5 18. Bf1 a4 19. Nbd2 Nc5 20. g3 Bg4 21. Bg2 Bf5 22. Bf1 Na5 23. Bb2 Nab3 24. Ng5 Nxd2 25. Qxd2 h6 26. Nf3 Rb3 27. Red1 Nxd3 28. Bxd3 Bxd3 29. Rbc1 Be4 30. Nxd4 Rd3 31. Qe2 Rxd1+ 32. Rxd1 Qb7 33. f3 Bg6 34. Nb5 Bc5+ 35. Kg2 e4 36. Rd5 exf3+ 37. Qxf3 Re8 38. Kf1 Qc8 39. g4 Be4 40. Qf4 Bxd5 41. cxd5 Qa6 42. Qc4 Rc8 0-1

[Event "Hessen-chA"]
[Site "Offenbach"]
[Date "2012.04.05"]
[Round "2"]
[White "Krzesinski, Paul"]
[Black "Muth, Andreas"]
[Result "1-0"]
[WhiteElo "1948"]
[BlackElo "2104"]
[PlyCount "99"]
[EventDate "2012.04.05"]
[EventType "swiss"]
[EventRounds "7"]
[EventCountry "GER"]
[SourceTitle "EXT 2013"]
[Source "ChessBase"]
[SourceDate "2012.11.22"]
[SourceVersion "1"]
[SourceVersionDate "2012.11.22"]
[SourceQuality "1"]

1. e4 c5 2. Nf3 a6 3. d4 cxd4 4. Nxd4 Nf6 5. Nc3 e5 6. Nf5 d5 7. Ng3 d4 8. Nb1 Bd6 9. Bd3 0-0 10. 0-0 Nc6 11. f4 exf4 12. Bxf4 Ng4 13. Nd2 Nxh2 14. Qh5 Nxf1 15. Rxf1 g6 16. Qh6 Ne5 17. Be2 Ng4 18. Bxg4 Bxg4 19. e5 Be7 20. Nde4 f6 21. Rf2 f5 22. Ng5 Bxg5 23. Bxg5 Qb6 24. Rd2 Rae8 25. Bf6 Rxf6 26. exf6 Qxf6 27. Qf4 Rd8 28. c3 dxc3 29. Rxd8+ Qxd8 30. Qc4+ Kg7 31. Qxc3+ Qf6 32. Qc7+ Qf7 33. Qc3+ Kf8 34. a3 Kg8 35. Qe5 Qd7 36. Nf1 Qc6 37. Ne3 Qe4 38. Qxe4 fxe4 39. Nxg4 Kf7 40. Kf2 Ke6 41. Ke3 Kd5 42. b3 h5 43. Nf6+ Ke5 44. Nxe4 b6 45. Nd2 b5 46. Ne4 a5 47. Nc3 b4 48. axb4 axb4 49. Na2 g5 50. Nxb4 1-0

[Event "Hessen-ch Gr-A+B 65th"]
[Site "Gladenbach"]
[Date "2011.04.21"]
[Round "2"]
[White "Kolker, Vladislav"]
[Black "Muth, Andreas"]
[Result "0-1"]
[WhiteElo "2104"]
[BlackElo "2092"]
[PlyCount "82"]
[EventDate "2011.04.20"]
[EventType "swiss"]
[EventRounds "7"]
[EventCountry "GER"]
[SourceTitle "CBM 142 Extra"]
[Source "ChessBase"]
[SourceDate "2011.06.27"]
[SourceVersion "1"]
[SourceVersionDate "2011.06.27"]
[SourceQuality "1"]

1. e4 c5 2. Nf3 a6 3. c3 d5 4. exd5 Qxd5 5. d4 Nf6 6. Be2 cxd4 7. cxd4 e6 8. Nc3 Qd8 9. 0-0 Nc6 10. Bg5 Be7 11. Qd2 0-0 12. Rfd1 Nd5 13. Rac1 Bxg5 14. Nxg5 Nce7 15. Bd3 h6 16. Nf3 b6 17. Bb1 Bb7 18. Ne5 Rc8 19. Qd3 g6 20. Qg3 Kg7 21. a3 Nf6 22. f3 Nh5 23. Qf2 Nf4 24. Qd2 Nfd5 25. Re1 Nf6 26. Rcd1 Nfd5 27. Ne4 Nf5 28. Nc3 Nd6 29. Ne4 Nc4 30. Qf2 Qe7 31. f4 Rfd8 32. Ng3 Qf6 33. Rf1 Nce3 34. Rde1 Nxf1 35. Rxf1 Rc7 36. Ne4 Qe7 37. g4 Rdc8 38. f5 exf5 39. gxf5 Nf6 40. Ng3 g5 41. Qe3 Qd6 0-1

[Event "Hessen-ch Gr-A+B 65th"]
[Site "Gladenbach"]
[Date "2011.04.21"]
[Round "3"]
[White "Muth, Andreas"]
[Black "Thier, Juergen"]
[Result "1/2-1/2"]
[WhiteElo "2092"]
[BlackElo "2094"]
[PlyCount "28"]
[EventDate "2011.04.20"]
[EventType "swiss"]
[EventRounds "7"]
[EventCountry "GER"]
[SourceTitle "CBM 142 Extra"]
[Source "ChessBase"]
[SourceDate "2011.06.27"]
[SourceVersion "1"]
[SourceVersionDate "2011.06.27"]
[SourceQuality "1"]

1. d4 d5 2. Nf3 Nf6 3. c4 c6 4. e3 Bf5 5. Nc3 e6 6. Bd3 dxc4 7. Bxc4 Nbd7 8. 0-0 Ne4 9. Nd2 Nxc3 10. bxc3 Nf6 11. f3 Nd5 12. Bxd5 cxd5 13. e4 Bg6 14. Qb3 b6 1/2-1/2

[Event "Hessen-ch Gr-B 62nd"]
[Site "Hanau"]
[Date "2008.03.23"]
[Round "7"]
[White "Hillgaertner, Walter"]
[Black "Muth, Andreas"]
[Result "1/2-1/2"]
[WhiteElo "2049"]
[BlackElo "2076"]
[PlyCount "51"]
[EventDate "2008.03.19"]
[EventType "swiss"]
[EventRounds "7"]
[EventCountry "GER"]
[SourceTitle "CBM 123 Extra"]
[Source "ChessBase"]
[SourceDate "2008.05.06"]
[SourceVersion "1"]
[SourceVersionDate "2008.05.06"]
[SourceQuality "1"]

1. Nf3 c5 2. c4 Nf6 3. g3 d5 4. cxd5 Nxd5 5. Bg2 g6 6. Nc3 Bg7 7. 0-0 Nc6 8. Qb3 Nc7 9. d3 0-0 10. Be3 b6 11. Rfc1 Rb8 12. Qd1 e5 13. Bg5 f6 14. Bd2 Ne6 15. a3 Kh8 16. Rab1 a5 17. a4 Bb7 18. b3 Qd7 19. Qf1 Rbd8 20. Rd1 h6 21. Be1 f5 22. Nd2 e4 23. Nc4 exd3 24. Rxd3 Qc7 25. Nb5 Qb8 26. Rbd1 1/2-1/2

[Event "Hessen-ch Gr-B 62nd"]
[Site "Hanau"]
[Date "2008.03.22"]
[Round "6"]
[White "Muth, Andreas"]
[Black "Czech, Ludwig"]
[Result "1/2-1/2"]
[WhiteElo "2076"]
[BlackElo "2057"]
[PlyCount "108"]
[EventDate "2008.03.19"]
[EventType "swiss"]
[EventRounds "7"]
[EventCountry "GER"]
[SourceTitle "CBM 123 Extra"]
[Source "ChessBase"]
[SourceDate "2008.05.06"]
[SourceVersion "1"]
[SourceVersionDate "2008.05.06"]
[SourceQuality "1"]

1. c4 e5 2. Nc3 Nc6 3. g3 d6 4. Bg2 Be6 5. d3 Qd7 6. e3 g6 7. Nge2 Bg7 8. 0-0 h5 9. Rb1 h4 10. Re1 Bh3 11. Bh1 hxg3 12. fxg3 Nf6 13. b4 Nd8 14. d4 Ng4 15. dxe5 Bxe5 16. Ne4 c6 17. Nf4 Nf6 18. Bb2 Nxe4 19. Bxe4 Be6 20. Qc2 Bxb2 21. Qxb2 Rg8 22. Rbc1 f5 23. Bg2 Qg7 24. Qd2 g5 25. Nxe6 Nxe6 26. Qxd6 Qe7 27. Qe5 Ng7 28. Qc3 0-0-0 29. a4 Rd7 30. e4 f4 31. Bh3 g4 32. Bxg4 Ne6 33. Bf5 fxg3 34. hxg3 Qd6 35. g4 Rdg7 36. Qf3 Rh8 37. Rcd1 Qe5 38. Rd2 Kc7 39. Bxe6 Qxe6 40. Qf4+ Kc8 41. Rg2 Rf7 42. Qe3 Rfh7 43. Qf4 Qxc4 44. Rge2 Qxb4 45. g5 Qc5+ 46. Kg2 Rh2+ 47. Qxh2 Rxh2+ 48. Kxh2 Qxg5 49. e5 Qh4+ 50. Kg2 Qg4+ 51. Kf2 Qf4+ 52. Kg2 Qg4+ 53. Kf2 Qf4+ 54. Kg2 Qg4+ 1/2-1/2

[Event "Hessen-ch Gr-B 62nd"]
[Site "Hanau"]
[Date "2008.03.21"]
[Round "5"]
[White "Karsten, Heinrich"]
[Black "Muth, Andreas"]
[Result "1/2-1/2"]
[WhiteElo "2071"]
[BlackElo "2076"]
[PlyCount "108"]
[EventDate "2008.03.19"]
[EventType "swiss"]
[EventRounds "7"]
[EventCountry "GER"]
[SourceTitle "CBM 123 Extra"]
[Source "ChessBase"]
[SourceDate "2008.05.06"]
[SourceVersion "1"]
[SourceVersionDate "2008.05.06"]
[SourceQuality "1"]

1. c4 Nf6 2. Nc3 c5 3. Nf3 Nc6 4. d4 cxd4 5. Nxd4 e6 6. e3 a6 7. Be2 Qc7 8. 0-0 Be7 9. b3 0-0 10. Bb2 b6 11. Rc1 Bb7 12. Bf3 Ne5 13. Bxb7 Qxb7 14. Qe2 Rac8 15. e4 d6 16. Nc2 Rfd8 17. Rfd1 Ng6 18. g3 Ne5 19. h3 Ned7 20. Rd2 Nc5 21. f3 Qc7 22. Kh2 Re8 23. Ne3 Rcd8 24. b4 Ncd7 25. a3 Rc8 26. f4 Qb7 27. Qd3 Red8 28. g4 Nf8 29. Rf1 Ng6 30. Kg3 Qc7 31. Ne2 Qc6 32. Bxf6 Bxf6 33. g5 Be7 34. h4 b5 35. Rc1 bxc4 36. Rxc4 Qb6 37. Rdc2 Rxc4 38. Nxc4 Qb5 39. Nd4 Qd7 40. h5 Nxf4 41. Kxf4 e5+ 42. Kg3 exd4 43. Qxd4 Bxg5 44. Nb6 Qe7 45. Nd5 Qe6 46. Rc7 Qh6 47. Qd1 Bf6 48. Qf3 Be5+ 49. Kh4 Rf8 50. Qg4 Qd2 51. Qf3 Qh2+ 52. Kg4 Qg1+ 53. Kh3 Qh2+ 54. Kg4 Qg1+ 1/2-1/2

[Event "Hessen-ch Gr-B 62nd"]
[Site "Hanau"]
[Date "2008.03.21"]
[Round "4"]
[White "Krueger, Till"]
[Black "Muth, Andreas"]
[Result "1-0"]
[WhiteElo "2069"]
[BlackElo "2076"]
[PlyCount "99"]
[EventDate "2008.03.19"]
[EventType "swiss"]
[EventRounds "7"]
[EventCountry "GER"]
[SourceTitle "CBM 123 Extra"]
[Source "ChessBase"]
[SourceDate "2008.05.06"]
[SourceVersion "1"]
[SourceVersionDate "2008.05.06"]
[SourceQuality "1"]

1. e4 c5 2. Nf3 a6 3. c3 d5 4. exd5 Qxd5 5. d4 Nf6 6. Be2 e6 7. 0-0 cxd4 8. cxd4 Nc6 9. Nc3 Qd8 10. Bg5 Be7 11. Qd2 0-0 12. Rfd1 Nd5 13. Bxe7 Ncxe7 14. Ne5 b6 15. Bf3 Bb7 16. Rac1 Rc8 17. Be4 Nxc3 18. Bxb7 Nxd1 19. Bxc8 Nxc8 20. Qxd1 Ne7 21. Qa4 a5 22. Nd7 Re8 23. Nxb6 Qb8 24. Qd7 Rd8 25. Qxe7 Qxb6 26. Rc4 g6 27. Qf6 Rb8 28. b3 Qb5 29. Qf4 Rd8 30. h3 Rd5 31. Qe3 Qd7 32. Qc3 Qd6 33. g3 Qa3 34. Ra4 Qd6 35. Rxa5 Rxd4 36. Ra8+ Kg7 37. Ra4 e5 38. Rxd4 exd4 39. Qd3 Kg8 40. a4 Qb4 41. Kf1 Kf8 42. Ke2 Qe7+ 43. Kd1 Qf6 44. Qd2 Qf3+ 45. Kc2 Qf5+ 46. Kb2 Qe5 47. Kc1 Qc5+ 48. Qc2 Qd5 49. b4 d3 50. Qc5+ 1-0

[Event "Hessen-ch Gr-B 62nd"]
[Site "Hanau"]
[Date "2008.03.20"]
[Round "3"]
[White "Muth, Andreas"]
[Black "Seifert, Norbert"]
[Result "1/2-1/2"]
[WhiteElo "2076"]
[BlackElo "2077"]
[PlyCount "104"]
[EventDate "2008.03.19"]
[EventType "swiss"]
[EventRounds "7"]
[EventCountry "GER"]
[SourceTitle "CBM 123 Extra"]
[Source "ChessBase"]
[SourceDate "2008.05.06"]
[SourceVersion "1"]
[SourceVersionDate "2008.05.06"]
[SourceQuality "1"]

1. d4 Nf6 2. Nf3 g6 3. c4 Bg7 4. g3 0-0 5. Bg2 d6 6. 0-0 Nc6 7. Nc3 e5 8. d5 Ne7 9. e4 Nd7 10. Bd2 f5 11. Qc2 Nf6 12. Rac1 fxe4 13. Nxe4 Nxe4 14. Qxe4 Bf5 15. Qe3 Qd7 16. Qb3 b6 17. Be3 h6 18. Rfe1 Rf7 19. Nd2 Raf8 20. Qd1 Bh3 21. Bh1 Nf5 22. Ne4 h5 23. Bg5 h4 24. Rc3 hxg3 25. hxg3 Nd4 26. f3 Bh8 27. g4 Rh7 28. Nf2 Qf7 29. f4 Bf6 30. Bxf6 Qxf6 31. Nxh3 exf4 32. Re4 f3 33. Qxd4 Qxd4+ 34. Rxd4 Rxh3 35. Rc1 Kg7 36. Rf1 Kh6 37. Re4 Kg5 38. Re6 Kh4 39. Rxg6 Kg3 40. Rxf3+ Rxf3 41. Bxf3 Kxf3 42. Rg7 Rg3+ 43. Kf1 Rxg4 44. Rxc7 Rh4 45. Rf7+ Ke3 46. b3 a6 47. Rf6 Rf4+ 48. Rxf4 Kxf4 49. Ke2 Ke4 50. Kd2 Kd4 51. a4 b5 52. cxb5 axb5 1/2-1/2

[Event "Hessen-ch Gr-B 62nd"]
[Site "Hanau"]
[Date "2008.03.20"]
[Round "2"]
[White "Rubel, Julian"]
[Black "Muth, Andreas"]
[Result "1-0"]
[WhiteElo "2136"]
[BlackElo "2076"]
[PlyCount "133"]
[EventDate "2008.03.19"]
[EventType "swiss"]
[EventRounds "7"]
[EventCountry "GER"]
[SourceTitle "CBM 123 Extra"]
[Source "ChessBase"]
[SourceDate "2008.05.06"]
[SourceVersion "1"]
[SourceVersionDate "2008.05.06"]
[SourceQuality "1"]

1. c4 Nf6 2. g3 c5 3. Bg2 Nc6 4. Nc3 g6 5. a3 Bg7 6. Rb1 a5 7. Nh3 0-0 8. Nf4 d6 9. 0-0 e5 10. Nfd5 Nxd5 11. Nxd5 Ne7 12. b4 Nxd5 13. Bxd5 axb4 14. axb4 Qc7 15. Qb3 Bh3 16. Re1 Be6 17. Bxe6 fxe6 18. d3 b6 19. bxc5 bxc5 20. Qb6 Rfc8 21. Be3 Bf8 22. Qxc7 Rxc7 23. Ra1 Rca7 24. Rxa7 Rxa7 25. Rb1 Ra2 26. Kf1 Ra7 27. Rb8 Kf7 28. Kg2 Rc7 29. Bg5 Ra7 30. Bd8 Rd7 31. Bb6 Kg8 32. Rc8 Kf7 33. Rc7 Rxc7 34. Bxc7 Ke7 35. Kf3 Kd7 36. Ba5 Be7 37. Bd2 Ke8 38. Kg4 Kf7 39. Bh6 Bd8 40. h4 Be7 41. h5 Bf6 42. hxg6+ hxg6 43. Kf3 Be7 44. Bd2 Kg7 45. Ba5 Kf7 46. Ke4 Ke8 47. Bc3 Kf7 48. e3 Bf8 49. Kf3 Be7 50. Ke2 Ke8 51. f4 exf4 52. gxf4 Kd7 53. Kf3 Ke8 54. e4 Kf7 55. e5 d5 56. Ba5 Bf8 57. Kg4 Be7 58. Bc7 Ke8 59. Bd6 Bxd6 60. exd6 Kd7 61. Kg5 Kxd6 62. Kxg6 Ke7 63. Kg7 Kd6 64. Kf6 d4 65. f5 e5 66. Kg7 e4 67. f6 1-0